000 00705nam a2200253Ia 4500
003 OSt
005 20221007070838.0
006 a|||||r|||| 00| 0
007 ta
008 221006b |||||||| |||| 00| 0 eng d
024 _a539
037 _cReference Collections
040 _aFLL
_cFLL
_beng
041 _2eng
_aeng
082 _aD854:Z2, M4
100 _aSingh Nagendra
245 0 _aEnvironmental laws in India
260 _aIndore
_bThe lawyers home India
_c1984
300 _a664p
_ccm.
650 _aEnvironmenal law
_9687817
700 _a Sharma Santosh
942 _hD854:Z2, M4
_cREF
_2CC
999 _c1141709
_d1141709